[Event "Challenge"]
[Site "http://www.queenalice.com/game.php?id=854433"]
[Date "2010.11.4"]
[Round "-"]
[White "Xmen"]
[Black "grtorabi"]
[Result "0-1"]
[WhiteElo "1921"]
[BlackElo "1766"]

1. Nc3 e5 2. Nf3 Nc6 3. d4 exd4 4. Nxd4 Nxd4 5. Qxd4 Nf6 6. e4 d6 7. Bg5 Be7 8.
Nd5 Nxd5 9. Bxe7 Nxe7 10. Qxg7 Rg8 11. Qxh7 Be6 12. f4 f5 13. exf5 Bxf5 14. Qh5+
Bg6 15. Qb5+ c6 16. Qxb7 Bxc2 17. Qa6 Qd7 18. Qc4 Bf5 19. g3 Qe6+ 20. Be2 Qxc4
21. Bxc4 d5 22. Be2 O-O-O 23. O-O Ng6 24. Rac1 Kc7 25. Rfe1 Nxf4 26. Bb5 Bd7 27.
a4 Kd6 28. Ba6 Rdf8 29. Kh1 Nh3 30. Re3 Nf2+ 31. Kg1 Ne4 32. Be2 Rf7 33. Rf1
Rxf1+ 34. Bxf1 Rf8 35. Bg2 Rb8 36. h4 Rxb2 37. Bxe4 dxe4 38. Rxe4 Bh3 39. Rf4
Rg2+ 40. Kh1 Rxg3 41. Kh2 Ra3 42. h5 Ke5 43. h6 Kxf4 44. h7 Bf5 45. h8=Q Rh3+
46. Qxh3 Bxh3 47. Kxh3 c5 48. Kg2 Ke3 0-1

[Event "Challenge"]
[Site "http://www.queenalice.com/game.php?id=854434"]
[Date "2010.11.4"]
[Round "-"]
[White "Xmen"]
[Black "grtorabi"]
[Result "1-0"]
[WhiteElo "1911"]
[BlackElo "1759"]

1. c3 d5 2. e3 c5 3. g3 Nc6 4. d4 cxd4 5. exd4 Nf6 6. Bg5 e6 7. Bb5 Bd7 8. Nf3
Be7 9. Nbd2 O-O 10. h4 h6 11. Bxf6 Bxf6 12. Qe2 Qb6 13. Ne5 Nxe5 14. dxe5 Bxb5
15. c4 dxc4 16. exf6 g6 17. Qe3 Qa5 18. Qxh6 Qxd2+ 19. Qxd2 Kh7 20. O-O-O c3 21.
bxc3 Ba4 22. h5 Rh8 23. hxg6+ Kxg6 24. Qd3+ Kxf6 25. Rxh8 Rxh8 26. Qd4+ Ke7 27.
Qxh8 1-0

[Event "Challenge"]
[Site "http://www.queenalice.com/game.php?id=854570"]
[Date "2010.11.4"]
[Round "-"]
[White "Xmen"]
[Black "grtorabi"]
[Result "0-1"]
[WhiteElo "1921"]
[BlackElo "1723"]

1. d4 d5 2. c4 c6 3. Nc3 Nf6 4. h3 Bf5 5. f3 e6 6. g4 Bg6 7. h4 h6 8. h5 Bh7 9.
c5 Nbd7 10. Bf4 b6 11. g5 hxg5 12. Bxg5 bxc5 13. e4 cxd4 14. Nce2 Bb4+ 15. Kf2
dxe4 16. Nxd4 Bc5 17. b4 Bb6 18. h6 e3+ 19. Bxe3 g6 20. Rh4 Nh5 21. Rh3 Ndf6 22.
Nc2 Nd5 23. Bxb6 Nxb6 24. Rh4 Qxh4+ 25. Kg2 Nf4# 0-1

[Event "Challenge"]
[Site "http://www.queenalice.com/game.php?id=859000"]
[Date "2010.11.15"]
[Round "-"]
[White "grtorabi"]
[Black "kakashisensei"]
[Result "0-1"]
[WhiteElo "1846"]
[BlackElo "1792"]

1. d4 Nf6 2. c4 g6 3. Nc3 Bg7 4. e4 d6 5. Nf3 O-O 6. Bd3 Re8 7. Qc2 Bg4 8. Nd2
Nc6 9. Nb5 a6 10. e5 axb5 11. exf6 exf6+ 12. Kf1 Nxd4 13. Qc3 f5 14. Qb4 c5 15.
Qc3 b4 16. Qxd4 Bxd4 17. f3 Qe7 18. Ne4 fxe4 19. Bxe4 f5 20. Bd5+ Kh8 21. Bf4
Qe2# 0-1

[Event "Challenge"]
[Site "http://www.queenalice.com/game.php?id=868135"]
[Date "2010.12.5"]
[Round "-"]
[White "grtorabi"]
[Black "Andrei_78"]
[Result "1-0"]
[WhiteElo "1876"]
[BlackElo "1622"]

1. d4 d5 2. c4 dxc4 3. Nc3 a6 4. a4 Nc6 5. Nf3 Bg4 6. e3 Nf6 7. Bxc4 Na5 8.
Bxf7+ Kxf7 9. Ne5+ Kg8 10. Nxg4 Nc4 11. Nxf6+ exf6 12. Qb3 b5 13. axb5 Qd7 14.
Ra4 h6 15. Rxc4 Qe6 16. Rb4 Qxb3 17. Rxb3 axb5 18. Rxb5 Ra1 19. O-O Kh7 20. Rb7
c5 21. dxc5 Bxc5 22. Ne4 Bf8 23. Nxf6+ Kg6 24. Nd5 Ra5 25. Nf4+ Kh7 26. Ne6 Re5
27. Nxf8+ Rxf8 28. b4 Rff5 29. Bb2 Rb5 30. Rxg7+ Kh8 31. Rg3+ Kh7 32. Rd1 Rfd5
33. Rxd5 Rxd5 34. Rg7+ Kh8 35. Rd7+ Kg8 36. Rxd5 Kf7 37. b5 Ke6 38. e4 1-0

[Event "Challenge"]
[Site "http://www.queenalice.com/game.php?id=869013"]
[Date "2010.12.7"]
[Round "-"]
[White "grtorabi"]
[Black "Nyvang"]
[Result "1-0"]
[WhiteElo "1840"]
[BlackElo "1792"]

1. d4 g6 2. e4 b6 3. Nc3 Bg7 4. Nf3 Bb7 5. Bd3 d5 6. e5 e6 7. O-O f6 8. Re1 Ba6
9. exf6 Qxf6 10. Bg5 Qf7 11. Nxd5 Bc8 12. Be4 Nc6 13. Nxb6 axb6 14. Bxc6+ Bd7
15. Bxa8 c6 16. d5 Ne7 17. Bxe7 Qxe7 18. dxe6 1-0

[Event "Challenge"]
[Site "http://www.queenalice.com/game.php?id=870378"]
[Date "2010.12.10"]
[Round "-"]
[White "grtorabi"]
[Black "cavaleiro_cambraia"]
[Result "0-1"]
[WhiteElo "1843"]
[BlackElo "1948"]

1. d4 d5 2. c4 dxc4 3. Nc3 Nf6 4. e4 e6 5. Bxc4 c5 6. d5 exd5 7. exd5 Bd6 8. Bg5
O-O 9. Nge2 Bf5 10. O-O h6 11. Bh4 a6 12. Ng3 Bh7 13. Nge4 g5 14. Bg3 Nxe4 15.
Nxe4 Bxe4 16. Bxd6 Qxd6 17. Qg4 Bg6 18. f4 f5 19. Qg3 b5 20. Be2 g4 21. Qh4 h5
22. Bd3 Qxd5 23. Rfd1 Qd4+ 24. Qf2 Qxf2+ 25. Kxf2 Nc6 26. Bc2 Nd4 27. Bd3 Rfe8
28. Rac1 Ne6 29. g3 Rad8 30. Bb1 Kg7 31. Re1 Kf6 32. Re3 Rd2+ 33. Kg1 Red8 34.
Rce1 Bf7 35. Re5 Nd4 36. Kh1 Bd5+ 37. Be4 fxe4 38. Rxh5 e3+ 39. Kg1 Nf3+ 40. Kh1
Nxe1+ 41. Kg1 Nf3+ 42. Kf1 Rf2# 0-1

[Event "Challenge"]
[Site "http://www.queenalice.com/game.php?id=872979"]
[Date "2010.12.17"]
[Round "-"]
[White "betofortaleza"]
[Black "grtorabi"]
[Result "0-1"]
[WhiteElo "1731"]
[BlackElo "1863"]

1. e4 e5 2. Bc4 Nc6 3. Qf3 Nf6 4. d3 Na5 5. Bb5 c6 6. Ba4 b5 7. Bb3 Nxb3 8. axb3
Bc5 9. Be3 Qb6 10. Bxc5 Qxc5 11. Nc3 b4 12. Qg3 O-O 13. Nd1 Qxc2 14. Nh3 Qxb3
15. O-O d6 16. f4 Nh5 17. Qg5 Nxf4 18. Nxf4 exf4 19. Qxf4 Qxd3 20. Nf2 Qd4 21.
Rad1 Qe5 22. Qc1 c5 23. Rd5 Qe6 24. Rfd1 Rd8 25. Qf4 Bb7 26. Rg5 f6 27. Rg3 Rd7
28. Re1 d5 29. Nd3 dxe4 30. Nxc5 Qb6 31. Rc1 Rd5 32. Qh6 Rd7 33. Qe3 Rc7 34. Kf1
Rac8 35. Qb3+ Kh8 36. Qd1 Rxc5 37. Rxc5 Qxc5 38. Qd7 Ba6+ 39. Ke1 Qg1+ 40. Kd2
Qc1# 0-1

[Event "Challenge"]
[Site "http://www.queenalice.com/game.php?id=873067"]
[Date "2010.12.17"]
[Round "-"]
[White "grtorabi"]
[Black "Vladimir"]
[Result "1-0"]
[WhiteElo "1827"]
[BlackElo "1831"]

1. d4 d5 2. c4 dxc4 3. Nc3 e5 4. dxe5 Qxd1+ 5. Nxd1 Bb4+ 6. Nc3 Nc6 7. f4 Nd4 8.
Kd1 Bg4 9. Nf3 Bxf3 10. exf3 O-O-O 11. Bd2 Bxc3 12. bxc3 Nb5 13. Bxc4 Nxc3+ 14.
Kc2 Nd5 15. Rad1 Nge7 16. Bc1 f6 17. e6 Nb4+ 18. Kb3 Nec6 19. Ba3 a5 20. Bb5
Nd4+ 21. Ka4 Nxa2 22. Bd7+ Rxd7 23. exd7+ Kxd7 24. Rxd4+ Kc8 25. Rc4 c6 26. Kb3
1-0

[Event "Challenge"]
[Site "http://www.queenalice.com/game.php?id=873443"]
[Date "2010.12.18"]
[Round "-"]
[White "Nyvang"]
[Black "grtorabi"]
[Result "0-1"]
[WhiteElo "1751"]
[BlackElo "1848"]

1. d4 d5 2. Bf4 Nf6 3. h3 Nc6 4. Nc3 e6 5. a3 Bd6 6. Bxd6 cxd6 7. Nf3 O-O 8. Qd3
a6 9. O-O-O e5 10. e4 exd4 11. Nxd4 dxe4 12. Nxe4 Nxe4 13. Qxe4 Qg5+ 14. f4 Qh6
15. g4 Nxd4 16. Rxd4 g6 17. g5 Qh4 18. Qe3 Bf5 19. Bg2 Rfe8 20. Qd2 Rac8 21. c3
Re6 22. Rxd6 Rxd6 23. Qxd6 Qf2 24. Qd2 Qb6 25. Bd5 Rd8 26. c4 Qc7 27. Qc3 Qxf4+
28. Kd1 Qxg5 29. Qf3 Be6 30. h4 Bxd5 31. cxd5 Rxd5+ 32. Kc2 Qd2+ 33. Kb1 Rb5 34.
Qf6 Qe3 35. Rd1 Qe4+ 36. Ka1 Rd5 37. Rc1 Qe6 38. Qf4 Kg7 39. Qg3 Rb5 40. Re1 Qf6
41. Qh2 h5 42. Ka2 Qc6 43. Qd2 Qc4+ 44. Ka1 Rd5 45. Qh2 Qb3 46. Rf1 Rd1+ 47.
Rxd1 Qxd1+ 48. Ka2 Qd5+ 49. Ka1 b5 50. Qc7 Qh1+ 51. Ka2 Qxh4 0-1

[Event "Challenge"]
[Site "http://www.queenalice.com/game.php?id=874221"]
[Date "2010.12.20"]
[Round "-"]
[White "grtorabi"]
[Black "toldowisky"]
[Result "1/2-1/2"]
[WhiteElo "1858"]
[BlackElo "1576"]

1. d4 Nf6 2. c4 g6 3. Nc3 Bg7 4. e4 d6 5. Nf3 O-O 6. Bd3 Nc6 7. O-O Re8 8. a3 e5
9. d5 Ne7 10. h3 c6 11. b4 cxd5 12. cxd5 b6 13. Be3 Bb7 14. Rc1 Rc8 15. Nd2 a6
16. f3 b5 17. Nb3 Rb8 18. Na5 Ba8 19. Ne2 Rc8 20. Qb3 Qd7 21. Bb1 Rxc1 22. Rxc1
Rc8 23. Ba2 Rxc1+ 24. Nxc1 Qc7 25. Nc6 Nxc6 26. dxc6 Bxc6 27. Ne2 Bb7 28. Kh2
Bc8 29. Nc3 Be6 30. Nd5 Nxd5 31. exd5 Bf5 32. Bb1 Bxb1 33. Qxb1 Qc3 34. Qc1 Qxc1
35. Bxc1 f5 36. Kg1 Kf7 37. Kf2 Kf6 38. g3 g5 39. Ke2 h5 40. Bb2 Bh6 41. Bc1 f4
42. g4 hxg4 43. hxg4 Bf8 44. Kd3 Be7 45. Ke4 Bd8 46. Kd3 Bb6 47. Ke4 a5 48. bxa5
Bxa5 49. Bb2 1/2-1/2

[Event "Challenge"]
[Site "http://www.queenalice.com/game.php?id=874638"]
[Date "2010.12.21"]
[Round "-"]
[White "Aguinaldo"]
[Black "grtorabi"]
[Result "0-1"]
[WhiteElo "1807"]
[BlackElo "1883"]

1. e4 e5 2. Nf3 Nc6 3. Bb5 Bc5 4. Bxc6 dxc6 5. Nxe5 Qd4 6. Nd3 Qxe4+ 7. Qe2
Qxe2+ 8. Kxe2 Bb6 9. Re1 Be6 10. Nf4 O-O-O 11. Nxe6 fxe6 12. d3 Nf6 13. Bg5 h6
14. Bxf6 gxf6 15. Kf1 e5 16. Nd2 Rhg8 17. Nc4 Bd4 18. c3 Bc5 19. b4 Be7 20. d4
Bd6 21. dxe5 fxe5 22. Nxe5 Rde8 23. Nd3 Ref8 24. h3 Rg7 25. g4 Rgf7 26. Kg2 Rf3
27. Re3 R3f7 28. Rf1 b6 29. a3 Rg7 30. f3 h5 31. c4 hxg4 32. hxg4 c5 33. bxc5
bxc5 34. Rfe1 Rh7 35. Rh1 Rxh1 36. Kxh1 Rh8+ 37. Kg2 Rh2+ 38. Kg1 Ra2 39. g5 Kd8
40. g6 Bf8 41. Nxc5 Bxc5 42. g7 Bxe3+ 43. Kf1 Ra1+ 44. Ke2 Rg1 45. Kxe3 Rxg7 46.
f4 Ke7 47. Ke4 Kf6 0-1

[Event "Challenge"]
[Site "http://www.queenalice.com/game.php?id=878775"]
[Date "2010.12.30"]
[Round "-"]
[White "Xmen"]
[Black "grtorabi"]
[Result "1-0"]
[WhiteElo "1938"]
[BlackElo "1862"]

1. e4 e5 2. Nf3 Nc6 3. d4 exd4 4. Bc4 Nf6 5. e5 Ng4 6. h3 Ngxe5 7. Nxe5 Nxe5 8.
O-O Nxc4 9. Re1+ Be7 10. Qxd4 Nb6 11. Qxg7 Rf8 12. Bg5 Nd5 13. Nc3 f6 14. Nxd5
Rf7 15. Qh8+ Rf8 16. Qxh7 Rf7 17. Nxf6+ Kf8 18. Qg8# 1-0

[Event "Challenge"]
[Site "http://www.queenalice.com/game.php?id=881903"]
[Date "2011.1.6"]
[Round "-"]
[White "Xmen"]
[Black "grtorabi"]
[Result "1-0"]
[WhiteElo "1854"]
[BlackElo "1897"]

1. e4 e5 2. Nf3 Nc6 3. d4 exd4 4. c3 dxc3 5. Nxc3 Bb4 6. Bc4 Nf6 7. O-O Bxc3 8.
bxc3 O-O 9. e5 Ng4 10. Ng5 Ngxe5 11. Bd5 d6 12. Qh5 h6 13. Ne4 Be6 14. Bxe6 fxe6
15. Qh3 Qe7 16. Rb1 d5 17. Nd2 b6 18. c4 Nxc4 19. Nxc4 dxc4 20. Qg3 a6 21. Bxh6
Nd4 22. Qe5 Nf3+ 23. gxf3 gxh6 24. Kh1 Rxf3 25. Rg1+ Kh7 26. Qe4+ Rf5 27. Qxa8
Qf7 28. Qe4 Kh8 29. Rbd1 Qe7 30. Rg6 Qf7 31. Rxh6+ Kg7 32. Qxe6 Qxe6 33. Rxe6
Rxf2 34. Rd7+ Kg8 35. Rxc7 Rxa2 36. Re8# 1-0

[Event "Challenge"]
[Site "http://www.queenalice.com/game.php?id=887861"]
[Date "2011.1.18"]
[Round "-"]
[White "grtorabi"]
[Black "michas"]
[Result "1-0"]
[WhiteElo "1870"]
[BlackElo "1657"]

1. d4 a6 2. c4 g6 3. e4 Bg7 4. Nf3 d6 5. Bd3 Nc6 6. Be3 Nf6 7. h3 O-O 8. O-O Nb4
9. e5 dxe5 10. Nxe5 Nxd3 11. Nxd3 Bf5 12. Nc3 Ne4 13. Nxe4 Bxe4 14. f3 Bxd4 15.
Re1 Bxd3 16. Qxd3 Bxb2 17. Qxd8 Rfxd8 18. Rab1 Bc3 19. Rec1 Bg7 20. Rxb7 Be5 21.
f4 Bg7 22. Rxc7 e6 23. c5 e5 24. Rb7 exf4 25. Bxf4 Rdc8 26. c6 Bd4+ 27. Kh2 Bg7
28. c7 Bd4 29. Rb8 Raxb8 30. cxb8=Q Rxb8 31. Bxb8 a5 32. Rc4 Bb6 33. Be5 h6 34.
Rc8+ 1-0

[Event "Challenge"]
[Site "http://www.queenalice.com/game.php?id=888242"]
[Date "2011.1.19"]
[Round "-"]
[White "michas"]
[Black "grtorabi"]
[Result "0-1"]
[WhiteElo "1662"]
[BlackElo "1878"]

1. h4 d5 2. h5 e5 3. h6 gxh6 4. d4 Bg7 5. dxe5 Bxe5 6. Nc3 Qf6 7. Nxd5 Qd6 8.
Bxh6 Bxb2 9. Rb1 Be6 10. Bg7 Bxg7 11. e4 Bxd5 12. exd5 Bc3+ 13. Ke2 Nf6 14. Rh6
Qe5+ 15. Kf3 Qe4+ 16. Kg3 Be5+ 17. f4 Bxf4+ 18. Kh3 Bxh6 19. Rxb7 Bf4 20. Bb5+
c6 21. dxc6 Qf5+ 22. g4 Nxg4 23. c7+ Nd7 24. Rb8+ Ke7 25. Qe2+ Ne3+ 26. Kh4 Qg5+
27. Kh3 Qg3# 0-1

[Event "Challenge"]
[Site "http://www.queenalice.com/game.php?id=895296"]
[Date "2011.2.3"]
[Round "-"]
[White "Andre1962"]
[Black "grtorabi"]
[Result "1-0"]
[WhiteElo "1794"]
[BlackElo "1812"]

1. e4 e5 2. Nf3 Nc6 3. c4 d6 4. Be2 Nf6 5. c5 Nxe4 6. O-O Nxc5 7. Nc3 Be6 8. d3
Be7 9. Be3 Nd7 10. Qd2 O-O 11. Ng5 Nd4 12. Nxe6 Nxe2+ 13. Qxe2 fxe6 14. Rac1 Rf7
15. Nb5 c6 16. Nc3 d5 17. Nd1 Qc7 18. Qg4 Nf6 19. Qxe6 Bd6 20. Nc3 d4 21. Nb5
Qd7 22. Qxd7 Rxd7 23. Nxd6 dxe3 24. Nc4 exf2+ 25. Rxf2 e4 26. dxe4 Nxe4 27. Re2
Nf6 28. Rce1 Kf8 29. Ne5 Rd5 30. g4 Rad8 31. g5 Nh5 32. g6 hxg6 33. Nxg6+ Kf7
34. Ne5+ Kg8 35. Re4 Rd1 36. Rxd1 Rxd1+ 37. Kf2 Nf6 38. Re2 Rh1 39. Nf3 Ra1 40.
Re7 Rxa2 41. Rxb7 a5 42. Nd4 c5 43. Ne6 c4 44. Ke3 Ng4+ 45. Kd4 Nxh2 46. Rxg7+
Kh8 47. Rg2 Nf3+ 48. Kxc4 a4 49. Rf2 Ne1 50. Rh2+ Kg8 51. Rf2 1-0

[Event "Challenge"]
[Site "http://www.queenalice.com/game.php?id=896911"]
[Date "2011.2.6"]
[Round "-"]
[White "ymfrancois"]
[Black "grtorabi"]
[Result "1-0"]
[WhiteElo "1816"]
[BlackElo "1858"]

1. d4 d5 2. c4 c6 3. c5 Nf6 4. Bg5 h6 5. Bh4 e6 6. e3 Be7 7. Nd2 Nbd7 8. Ndf3
O-O 9. b4 b6 10. Be2 bxc5 11. bxc5 Qa5+ 12. Nd2 g5 13. Bg3 Ne4 14. Nf3 Nxg3 15.
fxg3 Nf6 16. Ne5 Ne4 17. Nf3 g4 18. Ne5 Nxd2 19. Qxd2 Qxd2+ 20. Kxd2 h5 21. Nxc6
Bg5 22. h3 gxh3 23. gxh3 a5 24. Bxh5 Bd7 25. Ne5 Bb5 26. a4 Ba6 27. h4 Bh6 28.
Bxf7+ Rxf7 29. Nxf7 Kxf7 30. Rab1 Bc4 31. Rb7+ Kf6 32. g4 Bf8 33. Rh2 Kg6 34.
Rb6 Ra6 35. Rb8 Bg7 36. Rg8 Kf7 37. Rb8 Ra7 38. Rf2+ Kg6 39. h5+ Kh6 40. Re8 Rb7
41. Rxe6+ Kh7 42. Rb6 Re7 43. c6 Bh6 44. Rf3 Re4 45. Rb7+ Kg8 46. c7 Rxd4+ 47.
Ke1 Re4 48. c8=Q+ Bf8 49. Rxf8# 1-0

[Event "bubu"]
[Site "http://www.queenalice.com/game.php?id=900269"]
[Date "2011.2.14"]
[Round "-"]
[White "bubu52"]
[Black "grtorabi"]
[Result "1-0"]
[WhiteElo "1795"]
[BlackElo "1877"]

1. e4 e5 2. d4 exd4 3. Bc4 Nc6 4. Nf3 Nf6 5. Bg5 Be7 6. Nxd4 Nxe4 7. Nxc6 bxc6
8. Bxe7 Qxe7 9. O-O O-O 10. Re1 d5 11. Bd3 Nxf2 12. Kxf2 Qc5+ 13. Kf1 a5 14. Qh5
Qd4 15. Qxh7# 1-0